|
|
|
|
| LEADER |
00000nab a2200000 a 4500 |
| 001 |
vtls000527983 |
| 003 |
SK-MaSNL |
| 005 |
20260304013447.0 |
| 008 |
230120c1994 xo 0 slo |
| 015 |
|
|
|a SNBRB19rr/mm-uuuuu
|
| 035 |
|
|
|a CL0528121
|
| 040 |
|
|
|a SNKBUCL
|b slo
|c SNKBUCL
|e AACR2
|
| 041 |
0 |
|
|a slo
|
| 044 |
|
|
|a xo
|c SK
|
| 080 |
|
|
|a 78.091.4:782/785
|2 1981
|
| 080 |
|
|
|a 782/785
|2 1981
|
| 080 |
|
|
|a 792.5
|2 1981
|
| 100 |
1 |
|
|a Blahová, Eva,
|d 1944-
|4 aut
|9 117475
|
| 245 |
1 |
0 |
|a Letné festivaly Salzburg - Verona
|b Salzburg '94
|c Eva Blahová
|
| 300 |
|
|
|b Fotogr. 2
|
| 650 |
0 |
7 |
|a Salzburské letné hry 1994
|2 snkbucl
|9 987779
|
| 655 |
|
7 |
|a články z novín a časopisov
|2 snkbucl
|9 267496
|
| 773 |
0 |
|
|t Hudobný život '94
|g Roč. 26, č. 18 (1994), s. 1 a 7
|
| 850 |
|
|
|a Slovenská národná knižnica v Martine
|a MTA001
|
| 852 |
|
|
|a SNK
|b KIS3GCP
|
| 954 |
|
|
|a odborná, vedecká literatúra pôvodná (slovenská)
|2 lita
|
| 958 |
|
|
|a OND
|
| 958 |
|
|
|a RK
|
| 958 |
|
|
|a AT
|
| 958 |
|
|
|a EUIPO
|
| 992 |
|
|
|a RBX
|
| 999 |
|
|
|c 2575913
|d 2577843
|